10 cases in engineering design, (Record no. 6491)
[ view plain ]
| 000 -LEADER | |
|---|---|
| fixed length control field | 00799nac a22002171u 4500 |
| 010 ## - LIBRARY OF CONGRESS CONTROL NUMBER | |
| LC control number | 73178311 |
| 020 ## - INTERNATIONAL STANDARD BOOK NUMBER | |
| International Standard Book Number | 0582441447 |
| -- | 0582441455 (pbk.) |
| 082 00 - DEWEY DECIMAL CLASSIFICATION NUMBER | |
| Classification number | 620.0042 |
| Item number | FUC |
| 090 ## - LOCALLY ASSIGNED LC-TYPE CALL NUMBER (OCLC); LOCAL CALL NUMBER (OCLC) | |
| -- | 6491 |
| -- | 6491 |
| 100 ## - MAIN ENTRY--PERSONAL NAME | |
| Personal name | Fuchs, H. O. |
| 245 10 - TITLE STATEMENT | |
| Title | 10 cases in engineering design, |
| Statement of responsibility, etc | edited by H. O. Fuchs and R. F. Steidel, Jr. |
| 260 ## - PUBLICATION, DISTRIBUTION, ETC. (IMPRINT) | |
| Place of publication, distribution, etc | [London] |
| Name of publisher, distributor, etc | Longman,[1973] |
| Date of publication, distribution, etc | [1973] |
| 300 ## - PHYSICAL DESCRIPTION | |
| Extent | x, 399 p. |
| Other physical details | illus. |
| Dimensions | 28 cm. |
| 500 ## - GENERAL NOTE | |
| General note | distributer: Al-Ahram |
| 504 ## - BIBLIOGRAPHY, ETC. NOTE | |
| Bibliography, etc | Includes bibliographical references. |
| 511 ## - PARTICIPANT OR PERFORMER NOTE | |
| Participant or performer note | catalgoued by: wessam |
| 650 #0 - SUBJECT ADDED ENTRY--TOPICAL TERM | |
| Topical term or geographic name as entry element | Engineering design |
| General subdivision | Case studies. |
| 700 1# - ADDED ENTRY--PERSONAL NAME | |
| Personal name | Steidel, Robert F., |
| Dates associated with a name | 1926- |
| 942 ## - ADDED ENTRY ELEMENTS (KOHA) | |
| Item type | Book - Borrowing |
| Call number prefix | 620.0042FUC |
| Withdrawn status | Item status | Damaged status | Not for loan | Home library | Current library | Shelving location | Date acquired | Source of acquisition | Total Checkouts | Full call number | Barcode | Date last seen | Date last borrowed | Koha item type |
|---|---|---|---|---|---|---|---|---|---|---|---|---|---|---|
| Central Library | Central Library | First floor | 25/11/2007 | Purchase | 1 | 620.0042FUC | 000007211 | 15/07/2025 | 17/09/2009 | Book - Borrowing |